Current practices for assessing economic development impacts from transportation investments / (Record no. 529740)

000 -LEADER
fixed length control field 01995cam a22004457a 4500
001 - CONTROL NUMBER
control field 12472407
003 - CONTROL NUMBER IDENTIFIER
control field NUST
005 - DATE AND TIME OF LATEST TRANSACTION
control field 20191002130617.0
008 - FIXED-LENGTH DATA ELEMENTS--GENERAL INFORMATION
fixed length control field 010716s2000 dcua bk f000 0 eng d
010 ## - LIBRARY OF CONGRESS CONTROL NUMBER
LC control number 00135389
020 ## - INTERNATIONAL STANDARD BOOK NUMBER
International Standard Book Number 0309068738
035 ## - SYSTEM CONTROL NUMBER
System control number (OCoLC)ocm45351255
038 ## - RECORD CONTENT LICENSOR
Staff Name MSOHAIL
040 ## - CATALOGING SOURCE
Original cataloging agency TRL
Transcribing agency TRL
Modifying agency DAY
-- IQU
-- DLC
042 ## - AUTHENTICATION CODE
Authentication code lccopycat
043 ## - GEOGRAPHIC AREA CODE
Geographic area code n-us---
050 00 - LIBRARY OF CONGRESS CALL NUMBER
Classification number HE151
Item number W43 2000
082 ## - DEWEY DECIMAL CLASSIFICATION NUMBER
Classification number 0
100 1# - MAIN ENTRY--PERSONAL NAME
Personal name Weisbrod, Glen E.
Fuller form of name (Glen Elliot)
9 (RLIN) 22417
245 10 - TITLE STATEMENT
Title Current practices for assessing economic development impacts from transportation investments /
Statement of responsibility, etc. Glen Weisbrod.
246 30 - VARYING FORM OF TITLE
Title proper/short title Assessing economic development impacts from transportation investments
246 30 - VARYING FORM OF TITLE
Title proper/short title Economic development impacts from transportation investments
260 ## - PUBLICATION, DISTRIBUTION, ETC.
Place of publication, distribution, etc. Washington, D.C. :
Name of publisher, distributor, etc. National Academy Press,
Date of publication, distribution, etc. 2000.
300 ## - PHYSICAL DESCRIPTION
Extent 75 p. :
Other physical details ill., form ;
Dimensions 28 cm.
440 #0 - SERIES STATEMENT/ADDED ENTRY--TITLE
Title Synthesis of highway practice,
International Standard Serial Number 0547-5570 ;
Volume/sequential designation 290
9 (RLIN) 22418
500 ## - GENERAL NOTE
General note At head of title: National Cooperative Highway Research Program.
500 ## - GENERAL NOTE
General note "Research sponsored by the American Association of State Highway and Transportation Officials in cooperation with the Federal Highway Administration."
500 ## - GENERAL NOTE
General note "Transportation Research Board, National Research Council."
504 ## - BIBLIOGRAPHY, ETC. NOTE
Bibliography, etc. note Includes bibliographical references (p. 48-56).
650 #0 - SUBJECT ADDED ENTRY--TOPICAL TERM
Topical term or geographic name entry element Transportation.
9 (RLIN) 13117
650 #0 - SUBJECT ADDED ENTRY--TOPICAL TERM
Topical term or geographic name entry element Economic development.
9 (RLIN) 6798
650 #0 - SUBJECT ADDED ENTRY--TOPICAL TERM
Topical term or geographic name entry element Transportation
Geographic subdivision United States
General subdivision Planning
9 (RLIN) 21431
710 2# - ADDED ENTRY--CORPORATE NAME
Corporate name or jurisdiction name as entry element National Cooperative Highway Research Program.
9 (RLIN) 20864
710 2# - ADDED ENTRY--CORPORATE NAME
Corporate name or jurisdiction name as entry element American Association of State Highway and Transportation Officials.
9 (RLIN) 19553
710 1# - ADDED ENTRY--CORPORATE NAME
Corporate name or jurisdiction name as entry element United States.
Subordinate unit Federal Highway Administration.
9 (RLIN) 20149
710 2# - ADDED ENTRY--CORPORATE NAME
Corporate name or jurisdiction name as entry element National Research Council (U.S.).
Subordinate unit Transportation Research Board.
9 (RLIN) 22419
906 ## - LOCAL DATA ELEMENT F, LDF (RLIN)
a 7
b cbc
c copycat
d 2
e ncip
f 20
g y-gencatlg
942 ## - ADDED ENTRY ELEMENTS (KOHA)
Source of classification or shelving scheme
Koha item type Book
Holdings
Withdrawn status Lost status Source of classification or shelving scheme Damaged status Not for loan Permanent Location Current Location Date acquired Total Checkouts Barcode Date last seen Price effective from Koha item type
          School of Civil and Environmental Engineering (SCEE) School of Civil and Environmental Engineering (SCEE) 10/02/2019   NIT-11101 10/02/2019 10/02/2019 Book
© 2023 Central Library, National University of Sciences and Technology. All Rights Reserved.